Xaiexi, delantero : (Record no. 37940)

MARC details
000 -LEADER
campo de control de longitud fija 00585nam a2200193 i 4500
001 - NÚMERO DE CONTROL
campo de control 37940
003 - IDENTIFICADOR DE NÚMERO DE CONTROL
campo de control ES-MaACL
007 - CAMPO FIJO DE DESCRIPCIÓN FÍSICA--INFORMACIÓN GENERAL
campo de control de longitud fija t|
008 - DATOS DE LONGITUD FIJA--INFORMACIÓN GENERAL
campo de control de longitud fija 030224s1928 sp ||||1| spa d
100 1# - ENTRADA PRINCIPAL--NOMBRE DE PERSONA
Nombre de persona Burgos Lecea, Francisco,
Fechas asociadas al nombre 1898-1951
9 (RLIN) 32666
Término indicativo de función/relación Autor
245 10 - MENCIÓN DEL TÍTULO
Título Xaiexi, delantero :
Resto del título cuentos /
Mención de responsabilidad, etc. por Francisco Burgos Lecea.
260 ## - PUBLICACIÓN, DISTRIBUCIÓN, ETC.
Lugar de publicación, distribución, etc. Madrid :
Nombre del editor, distribuidor, etc. Mundo Literario
Fecha de publicación, distribución, etc. 1928
300 ## - DESCRIPCIÓN FÍSICA
Extensión 142 páginas ;
Dimensiones 20 cm.
655 #7 - TERMINO DE INDIZACIÓN--GENERO/FORMA
Fuente del término tgfbne
9 (RLIN) 226829
Datos o término principal de género/forma Cuentos
852 ## - LOCALIZACIÓN
Ubicación ES-MaACL
Número de control de estantería B-4058
Ubicación en estantería Sala Pardo Bazán
942 ## - ELEMENTOS DE ENTRADA SECUNDARIOS (KOHA)
Fuente del sistema de clasificación o colocación Clasificación decimal universal
Tipo de ítem Koha Libro impreso
Suprimir en OPAC No
Holdings
Estatus retirado Estado de pérdida Fuente del sistema de clasificación o colocación Estado de daño No para préstamo Biblioteca de origen Biblioteca actual Ubicación en estantería Fecha de adquisición Total de préstamos Signatura topográfica completa Código de barras Visto por última vez Tipo de ítem Koha
    Clasificación decimal universal     Biblioteca del Ateneo de Madrid Biblioteca del Ateneo de Madrid Sala Pardo Bazán 17/01/2008   B-4058 1039945 23/02/2023 Libro impreso